| 000 | 00457cam a2200157 4500 | ||
|---|---|---|---|
| 082 |
_a532 _bSHA _cL-22,P-15 |
||
| 100 | 1 |
_aShames, Irving Herman, _939929 |
|
| 245 | 1 | 0 | _aMechanics of fluids. |
| 260 |
_aNew York, _bMcGraw-Hill, _c1962. |
||
| 300 |
_a558 p. _billus. _c24 cm. |
||
| 526 |
_a0 _b0 _c0 _d532_000000000000000_SHA |
||
| 650 | 0 |
_aFluid mechanics. _91678 |
|
| 650 | 0 |
_aHydraulic engineering _93526 |
|
| 650 | 0 |
_aVector analysis. _91184 |
|
| 942 |
_2ddc _cBK |
||
| 999 |
_c544322 _d544322 |
||